00000000nam##2200000za#4500
0019.580950
003CaOODSP
00520210624191303
007cr |||||||||||
008150406|1998||||xxc|||||o    f|0| 0 eng|d
040 |aCaOODSP|beng
043 |an-cn---
0861 |aRv55-5/11-11-1-1998E-PDF
1102 |aCanada Border Services Agency.
24510|aNational Customs Rulings (NCR) |h[electronic resource]
260 |aOttawa - Ontario : |bCanada Border Services Agency
300 |a18p.
4901 |aCustoms D memoranda. D11, General tariff information |vD11-11-1, October 19, 1998
500 |aSuperseded Memoranda "D" – D11-11-1, January 1, 1995.
590 |a14-17-Supp|b2014-10-09
77508|tDécisions nationales des douanes (DND) |w(CaOODSP)9.607853
830#0|aCustoms D memoranda. D11, General tariff information ;|vD11-11-1, October 19, 1998|w(CaOODSP)9.816825
85640|ahttp://publications.gc.ca|qPDF|s62 KB|uhttps://publications.gc.ca/collections/collection_2014/asfc-cbsa/Rv55-5-11-11-1-1998-eng.pdf|yD11-11-1, October 19, 1998